000 00704nam a2200205 i 4500
001 48890
003 ES-MaACL
005 20250520202059.0
007 t|
008 030701m18441845sp ||||1| spa d
100 1 _aCórdoba, Buenaventura de.
_940538
245 1 0 _aVida militar y política de Cabrera /
_credactada por Buenaventura de Córdoba.
260 _aMadrid :
_bEusebio Aguado,
_c1844-1845.
300 _a4 v. ;
_c20 cm.
530 _aDisponible en formato digital.
600 1 7 _aCabrera i Griñó, Ramón,
_d1806-1877
_2
_9154665
852 _aES-MaACL
_jB-3276-79
856 _uhttp://bdh-rd.bne.es/viewer.vm?id=0000038008&page=1
_zBiblioteca Digital Hispánica
999 _c48890
_d48890